00347nam a2200145Ia 4500008004100000082001300041100001500054245002700069250000800096260002900104300001100133500002400144650001500168700001800183230524s9999 xx 000 0 und d a612bPAN aO.N.Pandey 0aBiomedical Electronics a1ST aNEW DELHIbKatariac2006 aIV;315 aQuantity Number: 1 aBiomedical a Rakesh Kumar